[Event "Druzynowe Mistrzostwa Polski Juniorow 2018 - II Liga"]
[Site "Szczyrk"]
[Date "1899-12-30"]
[Round "8.103"]
[White "Szczepanski, Grzegorz"]
[Black "Niemier, Hubert"]
[Result "0-1"]
[WhiteTitle "III"]
[BlackTitle "I"]
[WhiteElo "1184"]
[BlackElo "1748"]

1. d4 Nf6 2. c4 e6 3. Nc3 Bb4 4. Bg5 O-O 5. Nf3 d5 6. cxd5 exd5 7. e3 h6 8. Bh4
c6 9. Bd3 Nbd7 10. O-O b6 11. Rc1 Bb7 12. Ne5 Qe8 13. Nxd7 Nxd7 14. Qg4 Bc8 15.
Qf4 f5 16. Ne2 Nb8 17. Ng3 Qg6 18. Qf3 a5 19. a4 Qh7 20. Ne2 g6 21. Nc3 Qf7 22.
Bg3 Bb7 23. Nb5 Na6 24. Nd6 Bxd6 25. Bxd6 Rfe8 26. Be5 Nb4 27. Bb1 Re6 28. Qf4
Kh7 29. g4 Rf8 30. gxf5 gxf5 31. Kh1 Rxe5 32. Qxe5 Ba6 33. Rfd1 Be2 34. Rd2 Bf3+
35. Kg1 Qh5 36. Kf1 Qh3+ 37. Ke1 Qh5 38. b3 Be4 39. Bxe4 dxe4 40. Rc3 Rg8 41.
Rc4 Rg1# 0-1

[Event "Druzynowe Mistrzostwa Polski Juniorow 2018 - II Liga"]
[Site "Szczyrk"]
[Date "1899-12-30"]
[Round "8.104"]
[White "Chaczynski, Kamil"]
[Black "Zychlewicz, Tomasz"]
[Result "1-0"]
[WhiteTitle "I"]
[BlackTitle "II"]
[WhiteElo "1823"]
[BlackElo "1252"]

1. e4 e5 2. Nf3 Nf6 3. Nc3 Nc6 4. Bb5 d6 5. d4 Bd7 6. Bg5 Be7 7. d5 Nb8 8. Bc4
O-O 9. Bxf6 Bxf6 10. Qd2 Bg4 11. Qe3 Nd7 12. O-O-O h6 13. Rdg1 Nb6 14. Bd3 a6
15. h3 Bxf3 16. Qxf3 Qd7 17. g4 Bg5+ 18. Kb1 Na4 19. Ne2 c6 20. h4 Be7 21. g5
cxd5 22. gxh6 g6 23. exd5 Nc5 24. Ng3 Qa4 25. h5 Kh8 26. Ne4 Nxe4 27. Bxe4 Rac8
28. Qg4 Rg8 29. h7 Rgf8 30. hxg6 fxg6 31. Qxg6 Bf6 32. Qg8+ Rxg8 33. Qhxg8# 1-0

[Event "Druzynowe Mistrzostwa Polski Juniorow 2018 - II Liga"]
[Site "Szczyrk"]
[Date "1899-12-30"]
[Round "8.105"]
[White "Baszczynski, Gabriel"]
[Black "Skrzypinski, Jan"]
[Result "1/2-1/2"]
[WhiteTitle "II"]
[BlackTitle "II"]
[WhiteElo "1370"]
[BlackElo "1406"]

1. Nf3 Nf6 2. g3 g6 3. Bg2 Bg7 4. O-O O-O 5. c4 d6 6. d3 c6 7. Nbd2 Bg4 8. Qc2
Bxf3 9. Bxf3 Nbd7 10. b3 Qc7 11. Bb2 Rfe8 12. d4 e5 13. e3 Re7 14. e4 Rd8 15.
Bg2 c5 16. d5 Ne8 17. f4 exf4 18. gxf4 Nef6 19. Rae1 Rde8 20. Qd3 a6 21. e5 Nh5
22. Ne4 Bxe5 23. fxe5 Nxe5 24. Bxe5 Rxe5 25. Qd2 Qe7 26. Rd1 Rxe4 27. Bxe4 Qxe4
28. Rde1 Qg4+ 29. Kh1 Rxe1 30. Qxe1 Qd7 31. Qe3 Ng7 32. Re1 Kf8 33. a3 a5 34.
Qg5 Nf5 35. Qd2 b6 36. b4 axb4 37. Qb2 Nd4 38. axb4 Qf5 39. bxc5 Qf3+ 40. Qg2
Qxg2+ 41. Kxg2 bxc5 42. Rb1 Nf5 43. Kf3 h5 44. Kf4 f6 45. Rb8+ Kg7 46. Rb7+ Kg8
47. Rb8+ Kg7 48. Rb7+ Kg8 49. Rb8+ Kg7 1/2-1/2

[Event "Druzynowe Mistrzostwa Polski Juniorow 2018 - II Liga"]
[Site "Szczyrk"]
[Date "1899-12-30"]
[Round "8.106"]
[White "Tadych, Olgierd"]
[Black "Gorczynski, Aleksander"]
[Result "1-0"]
[WhiteTitle "II"]
[BlackTitle "IV"]
[WhiteElo "1235"]
[BlackElo "1000"]

1. e4 e5 2. Nf3 Nc6 3. Bc4 Nf6 4. d3 g6 5. Nc3 Bg7 6. O-O O-O 7. Re1 d6 8. Bd2
Bg4 9. h3 Bd7 10. Qc1 Nh5 11. Bg5 Qc8 12. Kh2 Re8 13. Nd5 Nd4 14. Nxd4 exd4 15.
Ne7+ Rxe7 16. Bxe7 Qe8 17. Bg5 Qe5+ 18. f4 Qe8 19. Bh4 Bh6 20. Rf1 b5 21. Bb3
Rc8 22. g4 Nxf4 23. Rxf4 Bxf4+ 24. Qxf4 Qf8 25. Rf1 Be8 26. Qf6 c5 27. a3 c4 28.
dxc4 bxc4 29. Ba2 d3 30. b3 d5 31. Bf2 Qxa3 32. Bd4 Qf8 33. Qh8# 1-0

[Event "Druzynowe Mistrzostwa Polski Juniorow 2018 - II Liga"]
[Site "Szczyrk"]
[Date "1899-12-30"]
[Round "8.107"]
[White "Dixa, Joanna"]
[Black "Niemier, Martyna"]
[Result "1-0"]
[WhiteTitle "I"]
[BlackTitle "II"]
[WhiteElo "1388"]
[BlackElo "1144"]

1. e4 e6 2. Qe2 Nc6 3. Nc3 Bc5 4. Nf3 Nf6 5. g3 Ng4 6. Nd1 O-O 7. Bg2 Re8 8. O-O
d5 9. d3 dxe4 10. dxe4 Nge5 11. Bf4 Nxf3+ 12. Qxf3 Bd6 13. Be3 Ne5 14. Qe2 Bd7
15. Nc3 Bc6 16. Rad1 Qe7 17. a3 Bc5 18. Kh1 Bxe3 19. Qxe3 Qf6 20. f3 h6 21. b3
a6 22. Rf2 Red8 23. Rfd2 Rxd2 24. Rxd2 Rd8 25. Rxd8+ Qxd8 26. Kg1 Qd6 27. a4 Kh7
28. Bh3 f5 29. f4 Ng4 30. Bxg4 fxg4 31. Qd3 Qc5+ 32. Kf1 e5 33. fxe5 Qxe5 34.
Nd5 Bxd5 35. Qxd5 Qxd5 36. exd5 Kg6 37. c4 Kf5 38. Kf2 Ke4 39. a5 g6 40. Kg2 g5
41. h3 Kf5 42. hxg4+ Kxg4 43. c5 Kf5 44. d6 cxd6 45. cxd6 Ke6 46. d7 Kxd7 47.
g4 Ke6 48. Kf3 Kd5 49. Ke3 Ke5 50. b4 b5 51. axb6 Kd6 52. b7 Kc7 53. Qb8+ Kxb8
54. Ke4 Kc7 55. Kf5 Kd6 56. Kf6 Kd5 57. Kg6 Ke4 58. Kxh6 Kf4 59. Kh5 Ke5 60. Kxg5
Ke6 61. Kh6 Kf7 62. g5 Kg8 63. Kg6 Kf8 64. Kh7 Ke7 65. g6 Kf8 66. g7+ Ke7 67.
Qg8 a5 68. bxa5 Kd6 69. a6 Kc7 70. a7 Kb6 71. Ra8 Kc7 72. Qf7+ Kb6 73. Rg8 Kc5
74. Rg5+ Kd4 75. Qf4+ Kd3 76. Rg3+ Ke2 77. Ra3 Ke1 78. Qh2 Kf1 79. Ra1# 1-0

[Event "Druzynowe Mistrzostwa Polski Juniorow 2018 - II Liga"]
[Site "Szczyrk"]
[Date "1899-12-30"]
[Round "8.108"]
[White "Wozniak, Paulina"]
[Black "Chlasta, Joanna"]
[Result "1-0"]
[WhiteTitle "III"]
[BlackTitle "IV"]
[WhiteElo "1040"]
[BlackElo "1000"]

1. e4 e5 2. Nf3 Nf6 3. Nc3 Nc6 4. Bc4 h6 5. d3 Bc5 6. Be3 Bxe3 7. fxe3 O-O 8. O-O
d6 9. h3 Re8 10. Qe2 Be6 11. Bd5 Qd7 12. Qf2 Bxd5 13. exd5 Nb8 14. e4 c6 15. dxc6
Qxc6 16. Rfe1 d5 17. exd5 Nxd5 18. Nxe5 Qd6 19. Qxf7+ Kh7 20. Qxd5 Qxd5 21. Nxd5
Rf8 22. Nc7 Na6 23. Nxa8 Rxa8 24. d4 Nb4 25. Re2 Rf8 26. c3 Nd5 27. Rf1 Rg8 28.
c4 Ne7 29. d5 Rd8 30. Nf7 Rd7 31. Ne5 Rd6 32. Nf7 Rd7 33. Nd6 Ng8 34. Nf7 Nf6
35. Ne5 Re7 36. Rfe1 Rc7 37. b3 a6 38. d6 Rc6 39. Nxc6 Nd7 40. Ne5 Nc5 41. d7
Nxd7 42. Nxd7 b5 43. c5 a5 44. c6 a4 45. b4 a3 46. c7 Kg6 47. Qc8 Kh7 48. Nf6+
Kg6 49. Qg4+ Kf7 50. Re7+ Kf8 51. Qxg7# 1-0

[Event "Druzynowe Mistrzostwa Polski Juniorow 2018 - II Liga"]
[Site "Szczyrk"]
[Date "1899-12-30"]
[Round "9.1"]
[White "Nowak, Mikolaj"]
[Black "Luczak, Filip"]
[Result "0-1"]
[WhiteTitle "I++"]
[BlackTitle "CM"]
[WhiteElo "2015"]
[BlackElo "2044"]

1. d4 Nf6 2. c4 e6 3. Nf3 c5 4. d5 b5 5. dxe6 fxe6 6. cxb5 a6 7. bxa6 Bxa6 8. Nc3
d5 9. e4 Bxf1 10. Kxf1 d4 11. e5 Nd5 12. Bg5 Be7 13. Nxd5 Qxd5 14. Bxe7 Kxe7 15.
b3 Nc6 16. h4 Nxe5 17. Nxe5 Qxe5 18. Rh3 Rhf8 19. Qc2 d3 20. Qd1 Qd4 21. Rf3 Rxf3
22. gxf3 Qxh4 23. Kg2 Qg5+ 24. Kf1 Rd8 25. a4 Qh4 26. Ke1 Qh2 27. a5 Qg1+ 28.
Kd2 Qxf2+ 29. Kc1 Qd4 30. Ra4 Qc3+ 31. Kb1 Rb8 32. Ra3 c4 33. a6 cxb3 34. a7 Qc2+
35. Qxc2 bxc2+ 36. Ka2 Rc8 0-1

[Event "Druzynowe Mistrzostwa Polski Juniorow 2018 - II Liga"]
[Site "Szczyrk"]
[Date "1899-12-30"]
[Round "9.2"]
[White "Grzesik, Gracjan"]
[Black "Leskiewicz, Ignacy"]
[Result "1/2-1/2"]
[WhiteTitle "I"]
[BlackTitle "I+"]
[WhiteElo "1884"]
[BlackElo "1856"]

1. c4 e5 2. Nc3 Nc6 3. g3 g6 4. Bg2 Bg7 5. d3 Nge7 6. e4 O-O 7. Nge2 d6 8. Be3
Nd4 9. O-O c5 10. f4 Qb6 11. Rb1 f5 12. fxe5 dxe5 13. Bg5 Bf6 14. Bxf6 Qxf6 15.
exf5 gxf5 16. Nxd4 cxd4 17. Nd5 Nxd5 18. Bxd5+ Be6 19. Qf3 Bxd5 20. Qxd5+ Rf7
21. Rbe1 Re8 22. Rf2 Qe6 23. Rfe2 Rfe7 24. b3 Qxd5 25. cxd5 e4 26. d6 Rd7 27.
dxe4 d3 28. Rd2 Rxe4 29. Red1 Rxd6 30. Rxd3 Rxd3 31. Rxd3 Re2 32. Rd7 1/2-1/2

[Event "Druzynowe Mistrzostwa Polski Juniorow 2018 - II Liga"]
[Site "Szczyrk"]
[Date "1899-12-30"]
[Round "9.3"]
[White "Klimkowski, Jan"]
[Black "Majewski, Krzysztof"]
[Result "1-0"]
[WhiteTitle "I"]
[BlackTitle "II+"]
[WhiteElo "1898"]
[BlackElo "1695"]

1. e4 e6 2. d4 d5 3. Nd2 Nf6 4. e5 Nfd7 5. Bd3 c5 6. c3 Nc6 7. Ne2 cxd4 8. cxd4
f6 9. exf6 Qxf6 10. Nf3 h6 11. Qc2 Bb4+ 12. Bd2 Bxd2+ 13. Qxd2 O-O 14. O-O e5
15. dxe5 Ndxe5 16. Nxe5 Nxe5 17. Rad1 Bg4 18. f3 Qb6+ 19. Kh1 Bh5 20. Nf4 Bf7
21. b3 Rad8 22. Rfe1 Rfe8 23. Bb1 Qd6 24. Be4 d4 25. Bxb7 Ng6 26. Nd3 Bd5 27.
Bxd5+ Qxd5 28. Nf2 Re6 29. Ne4 Rc6 30. Rc1 Rdc8 31. Rxc6 Rxc6 32. Rd1 Ne5 33.
h3 d3 34. Qe3 Rc2 35. f4 Re2 36. Nf6+ gxf6 37. Qg3+ Kf7 38. fxe5 Qxe5 39. Qxd3
Re1+ 40. Rxe1 Qxe1+ 41. Kh2 Qe5+ 42. Qg3 Qa5 43. a4 Qc5 44. Qf4 Kg7 45. Qg4+ Kf7
46. Qc4+ Qxc4 47. bxc4 Ke6 48. Kg3 Ke5 49. Kg4 a5 50. Kh5 Kd4 51. Kxh6 Kxc4 52.
Kg6 Kb4 53. h4 Kxa4 54. h5 Kb3 55. h6 a4 56. h7 a3 57. Qh8 Ka2 58. Qxf6 1-0

[Event "Druzynowe Mistrzostwa Polski Juniorow 2018 - II Liga"]
[Site "Szczyrk"]
[Date "1899-12-30"]
[Round "9.4"]
[White "Wolaniecki, Patryk"]
[Black "Radoch, Filip"]
[Result "1-0"]
[WhiteTitle "I"]
[BlackTitle "II"]
[WhiteElo "1713"]
[BlackElo "1128"]

1. e4 c5 2. Nf3 Nc6 3. d4 cxd4 4. Nxd4 g6 5. c4 Bg7 6. Be3 Nf6 7. Nc3 O-O 8. Be2
d6 9. O-O Bd7 10. f3 Nxd4 11. Bxd4 Bc6 12. Qd2 Nd7 13. Be3 Qa5 14. Rac1 Rfc8 15.
Rc2 Rab8 16. Rb1 b6 17. b4 Qe5 18. Bf1 f5 19. exf5 Qxf5 20. Bd3 Qf7 21. Nd5 Ne5
22. Be2 Bd7 23. Rcc1 Be6 24. a3 Bf5 25. Rb3 Kh8 26. h3 Rb7 27. f4 Nd7 28. Bf3
Rbb8 29. Bd4 e5 30. Bb2 e4 31. Bxg7+ Qxg7 32. Be2 Nf6 33. g4 Be6 34. Nxf6 Qxf6
35. Qxd6 Rd8 36. Qe5 Qxe5 37. fxe5 Rbc8 38. Re3 Rd4 39. c5 bxc5 40. bxc5 Bd5 41.
Bb5 Rb8 42. Bd7 Rb2 43. c6 Rd3 44. Rxd3 exd3 45. c7 Bb7 46. Qc8+ Bxc8 47. Rxc8+
Kg7 48. Ba4 d2 49. Rc7+ Kf8 50. Rd7 Ra2 51. Rd3 Ra1+ 52. Kf2 h6 53. Rxd2 Rxa3
54. Bc2 g5 55. Bf5 Rxh3 56. Rd8+ Ke7 57. Rd7+ Ke8 58. Rxa7 h5 59. gxh5 Rxh5 60.
Bg6+ 1-0

[Event "Druzynowe Mistrzostwa Polski Juniorow 2018 - II Liga"]
[Site "Szczyrk"]
[Date "1899-12-30"]
[Round "9.5"]
[White "Waligora, Julia"]
[Black "Trembowiecka-wysota, Aleksandra"]
[Result "1/2-1/2"]
[WhiteTitle "I"]
[BlackTitle "I"]
[WhiteElo "1424"]
[BlackElo "1555"]

1. e4 c5 2. Nf3 a6 3. d4 cxd4 4. Nxd4 Nf6 5. Nc3 e5 6. Nf5 d6 7. Bg5 Bxf5 8. Bxf6
Qxf6 9. Nd5 Qd8 10. exf5 Nd7 11. Qf3 Rb8 12. Bd3 Be7 13. O-O Nf6 14. Rad1 O-O
15. Rfe1 Nxd5 16. Qxd5 Qb6 17. b3 Rbc8 18. Re3 Rc5 19. Qe4 d5 20. Qxe5 Bf6 21.
Qg3 d4 22. Ree1 Qa5 23. a4 Be5 24. Qf3 Qc7 25. h4 Bf6 26. g3 b5 27. axb5 axb5
28. Kg2 h6 29. Rh1 Re8 30. g4 Rc3 31. Rdg1 Qe7 32. Qh3 h5 33. gxh5 Qb7+ 34. Qf3
Qe7 35. h6 gxh6 36. Kh3+ Kh7 37. Rg4 Qe5 38. Rhg1 b4 39. Qb7 Re7 40. Qa8 Re8 1/2-1/2

[Event "Druzynowe Mistrzostwa Polski Juniorow 2018 - II Liga"]
[Site "Szczyrk"]
[Date "1899-12-30"]
[Round "9.6"]
[White "Bienko, Jagoda"]
[Black "Malek, Sophie"]
[Result "1-0"]
[WhiteTitle "I"]
[BlackTitle "III"]
[WhiteElo "1436"]
[BlackElo "1000"]

1. d4 d5 2. Nf3 Nf6 3. g3 e6 4. Bg2 b6 5. O-O Be7 6. c4 O-O 7. Nbd2 Bb7 8. b3 c5
9. Bb2 Nc6 10. e3 a6 11. Qc2 b5 12. Rac1 Nb4 13. Qb1 Rc8 14. a3 Nc6 15. dxc5 Bxc5
16. cxd5 Qxd5 17. e4 Qd6 18. e5 Nxe5 19. Bxe5 Qd8 20. Ng5 g6 21. Bxb7 Qxd2 22.
Bxc8 Rxc8 23. Bxf6 Qd7 24. b4 Bb6 25. Rxc8+ Qxc8 26. Rc1 Qe8 27. Qc2 Bd8 28. Qc8
h6 29. Rd1 hxg5 30. Rxd8 Qxd8 31. Qxd8+ Kh7 32. Qh8# 1-0

[Event "Druzynowe Mistrzostwa Polski Juniorow 2018 - II Liga"]
[Site "Szczyrk"]
[Date "1899-12-30"]
[Round "9.7"]
[White "Norek, Bartosz"]
[Black "Hrymowicz, Artur"]
[Result "0-1"]
[WhiteTitle "I"]
[BlackTitle "I++"]
[WhiteElo "1784"]
[BlackElo "2123"]

1. d4 Nf6 2. c4 b6 3. f3 Nc6 4. e4 e5 5. d5 Nd4 6. Nc3 Bc5 7. Bd3 O-O 8. Bg5 h6
9. Bh4 a5 10. Bf2 d6 11. Qd2 Nh5 12. Be3 Qf6 13. O-O-O Bd7 14. g3 Rfb8 15. f4
Qe7 16. f5 Nf6 17. h3 b5 18. cxb5 Bb4 19. Nge2 Nxb5 20. g4 c6 21. dxc6 Bxc6 22.
g5 Nxe4 23. Bxe4 Bxe4 24. Nxe4 Bxd2+ 25. Rxd2 hxg5 26. f6 Qc7+ 27. Rc2 Qb7 28.
N2g3 Rc8 29. fxg7 Rxc2+ 30. Kxc2 Rc8+ 31. Kd2 f5 32. Nf6+ Kxg7 33. Ngh5+ Kf7 34.
Rg1 f4 35. Bf2 Qf3 36. Bb6 Nd4 37. Bxd4 exd4 38. Re1 Qc6 39. Re2 Qc1+ 40. Kd3
Qd1+ 41. Rd2 Qf3+ 42. Kxd4 Qe3+ 0-1

[Event "Druzynowe Mistrzostwa Polski Juniorow 2018 - II Liga"]
[Site "Szczyrk"]
[Date "1899-12-30"]
[Round "9.8"]
[White "Jordan, Adam"]
[Black "Hryn, Zofia"]
[Result "1-0"]
[WhiteTitle "I"]
[BlackTitle "I++"]
[WhiteElo "1830"]
[BlackElo "1668"]

1. d4 d6 2. Nf3 Bg4 3. e3 Nd7 4. Be2 e5 5. dxe5 dxe5 6. O-O Ngf6 7. b3 Bd6 8. Bb2
O-O 9. Nbd2 h6 10. Nc4 e4 11. Nd4 Bxe2 12. Qxe2 Bc5 13. Nf5 Kh7 14. Rad1 g6 15.
Nxh6 Kxh6 16. Bxf6 Qxf6 17. Rxd7 Bb6 18. Nxb6 axb6 19. a4 Kg7 20. Rxc7 Rh8 21.
Qc4 1-0

[Event "Druzynowe Mistrzostwa Polski Juniorow 2018 - II Liga"]
[Site "Szczyrk"]
[Date "1899-12-30"]
[Round "9.9"]
[White "Wielgus, Wojciech"]
[Black "Kozlowski, Michal"]
[Result "1/2-1/2"]
[WhiteTitle "I"]
[BlackTitle "I"]
[WhiteElo "1652"]
[BlackElo "1742"]

1. e4 c5 2. Nf3 Nc6 3. d4 cxd4 4. Nxd4 Nf6 5. Nc3 e5 6. Ndb5 d6 7. Bg5 a6 8. Na3
b5 9. Nd5 Be7 10. Bxf6 Bxf6 11. c3 Bg5 12. Nc2 O-O 13. a4 bxa4 14. Rxa4 a5 15.
Bc4 Be6 16. O-O Nb8 17. Nde3 Na6 18. b4 Bxc4 19. Nxc4 Qc7 20. Nxa5 Qxc3 21. Ra3
Qc7 22. Nb3 Qc6 23. Qd3 Rfb8 24. Rd1 h6 25. g3 Be7 26. Na5 Qc7 27. Rc3 Qd7 28.
Nc6 Rb6 29. Nxe5 Qb7 30. Nc4 Nxb4 31. Nxb4 Rxb4 32. Nxd6 Bxd6 33. Qxd6 Qxe4 34.
Re3 Qc4 35. Qd3 Qxd3 36. Rexd3 Ra2 37. R3d2 Rxd2 38. Rxd2 Kh7 39. Kg2 Kg6 40.
Rd5 f6 1/2-1/2

[Event "Druzynowe Mistrzostwa Polski Juniorow 2018 - II Liga"]
[Site "Szczyrk"]
[Date "1899-12-30"]
[Round "9.10"]
[White "Strepikowski, Pawel"]
[Black "Warchol, Kamil"]
[Result "0-1"]
[WhiteTitle "II"]
[BlackTitle "CM"]
[WhiteElo "1487"]
[BlackElo "1540"]

1. e4 c5 2. Nf3 Nc6 3. d4 cxd4 4. Nxd4 Nf6 5. Nc3 d6 6. f3 Qb6 7. Nb3 a6 8. Bd3
e6 9. Qe2 Be7 10. Be3 Qc7 11. O-O Bd7 12. Qf2 O-O 13. Na4 b5 14. Nb6 Rab8 15.
a4 Ne5 16. Nxd7 Qxd7 17. axb5 Nxd3 18. cxd3 Qxb5 19. Nc1 Rfc8 20. b3 d5 21. Kh1
Rc6 22. Qa2 Rbc8 23. Qa5 Qxa5 24. Rxa5 d4 25. Bd2 Rc2 26. Ra2 Rxa2 27. Nxa2 Rc2
28. Bb4 Bd8 29. Nc1 Nd7 30. Kg1 Bg5 31. f4 Bxf4 32. Rxf4 Rxc1+ 33. Rf1 Rc2 34.
Ra1 Rc6 35. Ra4 f6 36. Ba3 e5 37. Kf2 Rc2+ 38. Ke1 Rc3 39. Kd2 Rxb3 40. Rxa6 Kf7
41. Ra7 Ke6 42. Ra6+ Rb6 43. Rxb6+ Nxb6 44. g4 Kf7 45. Ke2 Kg6 46. Kf3 h5 47.
h3 Na4 48. Kg3 Nc3 49. Kf3 Nd1 50. Kg3 hxg4 51. hxg4 Ne3 52. Bc1 Nc2 53. Bd2 Na3
54. Kf3 Nb1 55. Bc1 Nc3 56. Ba3 Nb5 57. Bb4 Nc7 58. Ba3 Ne6 59. Bc1 Ng5+ 60. Kg3
Ne6 61. Kf3 Kf7 62. Kg3 Nc5 63. g5 Nxd3 64. Bd2 Nc5 65. Kf3 Kg6 66. gxf6 gxf6
67. Bb4 Ne6 68. Bd6 Ng5+ 69. Ke2 Nxe4 70. Bb8 Kf5 71. Ba7 Nd6 72. Bb8 Nb5 73.
Kd3 Ke6 74. Kc4 Nd6+ 75. Kd3 Kd5 76. Ba7 e4+ 77. Ke2 f5 78. Bb6 Nc4 79. Bd8 d3+
80. Ke1 Kd4 81. Bf6+ Ke3 82. Kd1 d2 83. Bg7 Kd3 0-1

[Event "Druzynowe Mistrzostwa Polski Juniorow 2018 - II Liga"]
[Site "Szczyrk"]
[Date "1899-12-30"]
[Round "9.11"]
[White "Hryn, Aleksandra"]
[Black "Daliga, Anita"]
[Result "1/2-1/2"]
[WhiteTitle "I"]
[BlackTitle "I+"]
[WhiteElo "1643"]
[BlackElo "1605"]

1. d4 d5 2. c4 e6 3. Nc3 Nf6 4. cxd5 exd5 5. Bg5 c6 6. Qc2 Be7 7. e3 Nbd7 8. Bd3
Nf8 9. Nge2 h6 10. Bh4 Ne6 11. f3 O-O 12. O-O-O b5 13. g4 a5 14. Bf2 Ba6 15. h4
b4 16. Na4 Bxd3 17. Qxd3 Nd7 18. f4 Nb6 19. Nxb6 Qxb6 20. g5 Qb5 21. gxh6 Qxd3
22. Rxd3 gxh6 23. Ng3 Kh7 24. Nf5 Bf6 25. Rd2 Ng7 26. Ng3 Rac8 27. Rc2 Be7 28.
Kd2 Rc7 29. Ke2 Rfc8 30. Rd2 Ne8 31. e4 dxe4 32. Nxe4 Nf6 33. Nxf6+ Bxf6 34. Rc1
Be7 35. Rdc2 Bd6 36. Kf3 Kg6 37. Bg3 Kf6 38. h5 Ke7 39. Bh4+ Kd7 40. Bf6 Rg8 41.
Be5 Ra8 42. Bxd6 Kxd6 43. Rc5 a4 44. Rf5 Ke6 45. Rfc5 Kd6 46. R5c4 Rb8 47. Ke4
Rb5 48. Rc5 Re7+ 49. Kf3 Rxc5 50. Rxc5 Re1 51. Rc4 Ra1 52. Rxb4 Rxa2 53. Ke4 a3
54. bxa3 Rxa3 55. Rb7 Rh3 56. Rxf7 Rxh5 57. Rf6+ Kd7 58. f5 Rh1 59. Rf7+ Kd6 60.
Rf6+ Kd7 61. Rg6 h5 62. Ke5 h4 63. Rg7+ Ke8 64. f6 h3 65. Rh7 h2 66. Kd6 Kf8 67.
f7 Rd1 68. Rxh2 Rxd4+ 69. Kxc6 1/2-1/2

[Event "Druzynowe Mistrzostwa Polski Juniorow 2018 - II Liga"]
[Site "Szczyrk"]
[Date "1899-12-30"]
[Round "9.12"]
[White "Filipiak, Magdalena"]
[Black "Kieca, Aleksandra"]
[Result "0-1"]
[WhiteTitle "I"]
[BlackTitle "I"]
[WhiteElo "1231"]
[BlackElo "1458"]

1. e4 c5 2. c3 d5 3. exd5 Qxd5 4. d4 Nc6 5. Nf3 Bf5 6. Be3 cxd4 7. Nxd4 Rd8 8.
Nd2 Nxd4 9. Bxd4 a6 10. Qf3 Qd7 11. O-O-O Bg4 12. Qf4 Bxd1 13. Bc4 Bh5 14. f3
e6 15. h4 h6 16. g4 Bg6 17. h5 Bh7 18. Bb3 Bd6 19. Qe3 Kf8 20. f4 Ne7 21. Ne4
Qc6 22. Nxd6 Qxh1+ 23. Kd2 Qg2+ 24. Ke1 Qxg4 25. Nxb7 Nf5 26. Qf2 Rb8 27. Bc5+
Kg8 28. Qd2 Qh4+ 29. Bf2 Qh1+ 30. Ke2 Qxb7 31. Bd4 Qe4+ 32. Kd1 Nxd4 33. cxd4
Rd8 0-1

[Event "Druzynowe Mistrzostwa Polski Juniorow 2018 - II Liga"]
[Site "Szczyrk"]
[Date "1899-12-30"]
[Round "9.13"]
[White "Karpus, Michal"]
[Black "Klepek, Witold"]
[Result "1-0"]
[WhiteTitle "FM"]
[BlackTitle "k+"]
[WhiteElo "2364"]
[BlackElo "2076"]

1. e4 e6 2. d4 d5 3. Nd2 c5 4. Ngf3 cxd4 5. Nxd4 Nc6 6. Bb5 Bd7 7. Nxc6 bxc6 8.
Bd3 Bd6 9. Qe2 Ne7 10. Nf3 Ng6 11. e5 Bc7 12. O-O O-O 13. c4 Qe7 14. Re1 Rab8
15. b3 a5 16. Be3 a4 17. Rac1 axb3 18. axb3 Rfc8 19. cxd5 exd5 20. Bc5 Qe8 21.
Qc2 Ba5 22. Re3 Bb6 23. Ng5 Bxc5 24. Qxc5 Qd8 25. h4 Nf8 26. Qc2 h6 27. Bh7+ Nxh7
28. Qxh7+ Kf8 29. Nxf7 Qxh4 30. Nd6 1-0

[Event "Druzynowe Mistrzostwa Polski Juniorow 2018 - II Liga"]
[Site "Szczyrk"]
[Date "1899-12-30"]
[Round "9.14"]
[White "Burzak, Wojciech"]
[Black "Poltorak, Sebastian"]
[Result "0-1"]
[WhiteTitle "I"]
[BlackTitle "I"]
[WhiteElo "1749"]
[BlackElo "1810"]

1. e4 c5 2. Nf3 Nc6 3. d4 cxd4 4. Nxd4 Nf6 5. Nc3 e5 6. Ndb5 d6 7. Bg5 a6 8. Na3
b5 9. Bxf6 gxf6 10. Nd5 f5 11. c3 Bg7 12. exf5 Bxf5 13. Nc2 O-O 14. Nce3 Be6 15.
Bd3 f5 16. Qh5 e4 17. Bc2 Ne7 18. Rd1 Rc8 19. Qg5 Nxd5 20. Qxd8 Rfxd8 21. Nxd5
Kf7 22. O-O Bh6 23. Rfe1 Rc5 24. Bb3 a5 25. Ne3 d5 26. a4 bxa4 27. Bxa4 Rb8 28.
Rb1 f4 29. Nf1 Kf6 30. g3 Bh3 31. Kh1 Bg5 32. Bc2 h5 33. gxf4 Bxf4 34. Ne3 Ke5
35. Ng2 Rcc8 36. Nxf4 Kxf4 37. Re3 Bg4 38. Bd1 Bxd1 39. Rxd1 Rxb2 40. Rxd5 Rxf2
41. Re1 Rxc3 42. Kg1 Rcc2 43. Rxh5 a4 44. Rh4+ Kf3 45. Rh7 Rg2+ 46. Kh1 Rge2 47.
Ra1 Ra2 48. Rh3+ Kf2 49. Rg1 Re1 50. Rg3 Rxg1+ 51. Rxg1 Kf3 52. h4 Rd2 53. Ra1
e3 54. Ra3 Rd4 55. Kg1 Rxh4 56. Rd3 Ke2 57. Ra3 Rg4+ 58. Kh2 Kf2 59. Kh3 Rd4 60.
Ra1 e2 61. Ra2 Kf1 0-1

[Event "Druzynowe Mistrzostwa Polski Juniorow 2018 - II Liga"]
[Site "Szczyrk"]
[Date "1899-12-30"]
[Round "9.15"]
[White "Meers, Hubert"]
[Black "Kozubek, Krystian"]
[Result "1-0"]
[WhiteTitle "I+"]
[BlackTitle "II"]
[WhiteElo "1808"]
[BlackElo "1386"]

1. e4 c6 2. d4 d5 3. e5 Bf5 4. f4 e6 5. Be3 Nd7 6. Nf3 a6 7. Bd3 Nh6 8. Bf2 Be7
9. Rg1 c5 10. c3 Rc8 11. h3 cxd4 12. Nxd4 Bxd3 13. Qxd3 Nc5 14. Qe2 Ne4 15. Nd2
Nxf2 16. Qxf2 Bc5 17. N2b3 Qb6 18. g4 g6 19. O-O-O Ng8 20. f5 Ne7 21. fxe6 fxe6
22. Rgf1 Kd7 23. Qf7 Rcf8 24. Qxe6+ Ke8 25. Nxc5 Qxc5 26. Rf6 Qc4 27. Kb1 a5 28.
Qd6 Rf7 29. Rxf7 Kxf7 30. Qf6+ Kg8 31. Ne6 Qe4+ 32. Ka1 1-0

[Event "Druzynowe Mistrzostwa Polski Juniorow 2018 - II Liga"]
[Site "Szczyrk"]
[Date "1899-12-30"]
[Round "9.16"]
[White "Raba, Bartosz"]
[Black "Zabrzanska, Weronika"]
[Result "0-1"]
[WhiteTitle "II"]
[BlackTitle "I++"]
[WhiteElo "1272"]
[BlackElo "1570"]

1. e4 e5 2. Nf3 Nc6 3. d4 exd4 4. Bc4 Nf6 5. e5 d5 6. Bb5 Ne4 7. Nxd4 Bd7 8. Bxc6
bxc6 9. O-O Bc5 10. Be3 Bb6 11. f3 Ng5 12. f4 Ne4 13. Nd2 Nxd2 14. Qxd2 O-O 15.
Nb3 f6 16. exf6 Qxf6 17. c3 Rfe8 18. Bd4 Bf5 19. Kh1 Qf7 20. h3 Be4 21. Nc5 Bxc5
22. Bxc5 Qh5 23. Kh2 Re6 24. g4 Qf7 25. f5 Ree8 26. Bd4 a6 27. f6 g6 28. Rf2 Rab8
29. Rg1 Re6 30. Rgf1 Ree8 31. Bc5 Rb5 32. Be7 Rbb8 33. Qd4 Rb7 34. Qa4 Bd3 35.
Qxc6 Rb6 36. Qxc7 Re6 37. Rd1 R6xe7 38. Qg3 Re3 39. Qf4 R3e4 40. Qg3 Bb5 41. g5
Bc6 42. Qd6 R4e6 43. Qg3 Re2 44. Rd2 Re1 45. Rd4 R1e3 46. Rf3 Re2+ 47. Rf2 R8e3
48. Qb8+ Be8 49. Rd2 Rxd2 50. Rxd2 Qe6 51. Kg1 Re1+ 52. Kg2 Qe4+ 53. Kg3 Qe3+
54. Kg4 Rg1+ 55. Kh4 Qe4+ 0-1

[Event "Druzynowe Mistrzostwa Polski Juniorow 2018 - II Liga"]
[Site "Szczyrk"]
[Date "1899-12-30"]
[Round "9.17"]
[White "Leczek, Weronika"]
[Black "Gredka, Dominika"]
[Result "1/2-1/2"]
[WhiteTitle "k"]
[BlackTitle "I++"]
[WhiteElo "1832"]
[BlackElo "1794"]

1. e4 c5 2. Nf3 d6 3. d4 cxd4 4. Qxd4 Nc6 5. Bb5 Bd7 6. Bxc6 Bxc6 7. Nc3 Nf6 8.
Bg5 e5 9. Qd3 h6 10. Bxf6 Qxf6 11. Nd5 Qd8 12. O-O-O Rc8 13. Kb1 Bxd5 14. Qxd5
Qc7 15. Qb5+ Qc6 16. Rd5 Be7 17. Qd3 O-O 18. g4 Rc7 19. c3 Qb6 20. Rf1 Rfc8 21.
Qb5 Qxb5 22. Rxb5 a6 23. Rb6 Rb8 24. Nd2 Rd8 25. c4 Bg5 26. Rd1 Bxd2 27. Rxd2
Rxc4 28. f3 Rc7 29. Rbxd6 Rxd6 30. Rxd6 Kf8 31. Rd5 f6 32. Rd3 Ke7 33. h4 Kf7
1/2-1/2

[Event "Druzynowe Mistrzostwa Polski Juniorow 2018 - II Liga"]
[Site "Szczyrk"]
[Date "1899-12-30"]
[Round "9.18"]
[White "Wiecek, Karolina"]
[Black "Slusarczyk, Milena"]
[Result "0-1"]
[WhiteTitle "II+"]
[BlackTitle "I+"]
[WhiteElo "1235"]
[BlackElo "1422"]

1. e4 c5 2. c3 d5 3. exd5 Qxd5 4. d4 e6 5. Nf3 Nf6 6. Na3 Nc6 7. Nb5 Qd8 8. Bf4
Nd5 9. Bg3 a6 10. Na3 Be7 11. Be2 O-O 12. Nc2 b6 13. O-O Bb7 14. Qd2 Nf6 15. Bd3
Nh5 16. Rad1 Nxg3 17. hxg3 cxd4 18. Ncxd4 Nxd4 19. Nxd4 Qd5 20. Nf3 Qxa2 21. Qe2
Qa4 22. Ra1 Qc6 23. Bxa6 Bxa6 24. Rxa6 Rxa6 25. Qxa6 Ra8 26. Qd3 Rd8 27. Qe2 Qd5
28. Re1 Bf6 29. Qe4 g6 30. Re2 Qb5 31. Qe3 Rd1+ 32. Ne1 Bg5 33. Qe4 Bd2 34. b4
Bxc3 35. Qc2 Rxe1+ 36. Rxe1 Bxe1 37. Qc8+ Kg7 0-1

[Event "Druzynowe Mistrzostwa Polski Juniorow 2018 - II Liga"]
[Site "Szczyrk"]
[Date "1899-12-30"]
[Round "9.20"]
[White "Wolak, Kamil"]
[Black "Bachor, Tomasz"]
[Result "0-1"]
[WhiteTitle "II+"]
[BlackTitle "I"]
[WhiteElo "1579"]
[BlackElo "1844"]

1. e4 c5 2. Nf3 g6 3. c3 Bg7 4. d4 cxd4 5. cxd4 d5 6. Bb5+ Bd7 7. Bxd7+ Nxd7 8.
e5 e6 9. O-O Ne7 10. Nc3 a6 11. Qe2 Nc6 12. Bg5 Nxd4 13. Nxd4 Qxg5 14. f4 Qe7
15. g4 h5 16. Rf2 hxg4 17. Qxg4 Qh4 18. Qg2 Rc8 19. Nxd5 exd5 20. Qxd5 Qg4+ 21.
Kh1 Nc5 22. Rg1 Qd7 23. Qxd7+ Kxd7 24. Rd2 Ke7 25. f5 Bh6 26. Re2 Rhd8 27. f6+
Ke8 28. Nf3 Ne6 29. h4 Rd3 30. Ng5 Bxg5 31. hxg5 Rh3+ 32. Kg2 Nf4+ 0-1